| 000 | 00430nam a2200121Ia 4500 | ||
|---|---|---|---|
| 008 | 220615s9999||||xx |||||||||||||| ||und|| | ||
| 100 | _aThawar T. Arif | ||
| 245 | 0 | _aAerospace Technologies Advancements | |
| 546 | _aEnglish[eng] | ||
| 650 | _aEngineering||Physical Sciences||Engineering and Technology||Aerospace Engineering||Avionics | ||
| 856 | _uhttps://www.intechopen.com/books/aerospace-technologies-advancements | ||
| 942 | _cEB | ||
| 999 |
_c9021 _d9021 |
||